[Event "St Petersburg-ch Seniors"]
[Site "St Petersburg"]
[Date "2007.03.19"]
[Round "1"]
[White "Listmangof, Mikhail"]
[Black "Ryzhkov, Yury Petrovich"]
[Result "1/2-1/2"]
[WhiteElo "2007"]
[BlackElo "2364"]
[PlyCount "35"]
[EventDate "2007.03.19"]
[EventType "swiss"]
[EventRounds "9"]
[EventCountry "RUS"]
[SourceTitle "EXT 2010"]
[Source "ChessBase"]
[SourceDate "2010.11.25"]
[SourceVersion "1"]
[SourceVersionDate "2010.11.25"]
[SourceQuality "1"]

1. e4 c5 2. Nf3 Nc6 3. d4 cxd4 4. Nxd4 Nf6 5. Nc3 d6 6. Bc4 e6 7. Bb3 Be7 8. Be3 0-0 9. f4 Bd7 10. Qf3 Nxd4 11. Bxd4 Bc6 12. f5 exf5 13. Qxf5 Qc8 14. Qf3 b5 15. 0-0 Qb7 16. Rae1 b4 17. Nd5 Nxd5 18. Bxd5 1/2-1/2

[Event "St Petersburg Autumn op"]
[Site "St Petersburg"]
[Date "2006.11.07"]
[Round "8"]
[White "Senkevich, Konstantin"]
[Black "Listmangof, Mikhail"]
[Result "1-0"]
[WhiteElo "2106"]
[BlackElo "2007"]
[PlyCount "89"]
[EventDate "2006.10.31"]
[EventType "swiss"]
[EventRounds "9"]
[EventCountry "RUS"]
[SourceTitle "EXT 2007"]
[Source "ChessBase"]
[SourceDate "2006.11.23"]
[SourceVersion "1"]
[SourceVersionDate "2006.11.23"]
[SourceQuality "1"]

1. e4 c5 2. Nf3 d6 3. Bb5+ Bd7 4. Bxd7+ Qxd7 5. 0-0 Nc6 6. c3 Nf6 7. Re1 e5 8. d4 g6 9. Bg5 Bg7 10. Na3 h6 11. Bxf6 Bxf6 12. dxc5 dxc5 13. Qxd7+ Kxd7 14. Rad1+ Ke7 15. Rd5 b6 16. Nc4 Rhd8 17. Ncxe5 Nxe5 18. Nxe5 Rxd5 19. exd5 Bxe5 20. Rxe5+ Kd6 21. f4 f6 22. Re6+ Kxd5 23. Rxf6 Rg8 24. Kf2 h5 25. f5 gxf5 26. Rxf5+ Ke4 27. Rxh5 Kd3 28. Re5 Rf8+ 29. Kg1 Rf4 30. g3 Ra4 31. a3 Rc4 32. Kf2 Rg4 33. h3 Rg8 34. g4 Rf8+ 35. Rf5 Re8 36. Kg3 Re1 37. Rf2 b5 38. g5 a5 39. h4 b4 40. cxb4 axb4 41. axb4 cxb4 42. h5 b3 43. h6 Rc1 44. h7 Rc2 45. h8Q 1-0